250 najpopularniejszych słów w języku polskim - Statystyki

Ogólne statystyki
  • Ten quiz został rozwiązany 54 632 razy
  • Średni wynik to 31 z 250
Statystyki odpowiedzi
Słowa % Poprawnych
o
85%
w
83%
a
82%
i
79%
z
73%
po
72%
ja
70%
ku
67%
nie
64%
tak
62%
na
59%
ty
59%
on
58%
do
57%
my
51%
co
50%
ona
49%
u
49%
za
43%
no
42%
jak
41%
bo
39%
pod
39%
to
37%
gdzie
36%
się
36%
dla
33%
kto
33%
nad
33%
dzień
32%
kiedy
31%
że
30%
ze
30%
ale
29%
by
29%
część
29%
tam
29%
pół
28%
czy
26%
od
26%
obok
25%
tu
25%
dlaczego
23%
lub
23%
przed
23%
może
22%
ponieważ
21%
dwa
20%
go
20%
trzy
20%
we
20%
dom
19%
gdy
19%
raz
18%
albo
17%
być
16%
mój
16%
więc
16%
czego
15%
ile
15%
jaki
15%
jeden
14%
jej
14%
oraz
14%
pięć
14%
przy
14%
noc
13%
sam
13%
ten
13%
dziś
12%
jego
12%
już
12%
który
12%
czas
11%
dobrze
11%
teraz
11%
ich
10%
mieć
10%
moje
10%
nic
10%
pan
10%
tutaj
10%
zaraz
10%
9%
chyba
9%
dlatego
9%
dziecko
9%
nigdy
9%
aby
8%
ciebie
8%
coś
8%
czym
8%
gdyż
8%
lecz
8%
potem
8%
tego
8%
bez
7%
dużo
7%
7%
ktoś
7%
mało
7%
matka
7%
ojciec
7%
przez
7%
też
7%
zawsze
7%
żeby
7%
bardzo
6%
gdyby
6%
gdzieś
6%
jakby
6%
jeszcze
6%
kiedyś
6%
kobieta
6%
oczy
6%
ponad
6%
razem
6%
skąd
6%
tylko
6%
ani
5%
człowiek
5%
jako
5%
jednak
5%
mężczyzna
5%
nim
5%
taki
5%
także
5%
włosy
5%
wtedy
5%
choć
4%
daleko
4%
drzwi
4%
dzięki
4%
dziewczyna
4%
jeśli
4%
mówić
4%
nikt
4%
sobie
4%
wraz
4%
wszystko
4%
chociaż
3%
czasem
3%
często
3%
dół
3%
jeżeli
3%
każdy
3%
między
3%
myśl
3%
nawet
3%
niech
3%
niż
3%
oczywiście
3%
oto
3%
poza
3%
prawda
3%
równie
3%
również
3%
rzecz
3%
siebie
3%
stary
3%
świat
3%
swój
3%
szybko
3%
twarz
3%
tyle
3%
usta
3%
wiedzieć
3%
wiele
3%
życie
3%
ciało
2%
cóż
2%
dłoń
2%
długo
2%
drugi
2%
głos
2%
jakiś
2%
kilka
2%
koniec
2%
miał
2%
mimo
2%
nagle
2%
pewnie
2%
pewno
2%
podczas
2%
prawie
2%
przecież
2%
razy
2%
serce
2%
śmierć
2%
stąd
2%
swoje
2%
trzeba
2%
tuż
2%
wcale
2%
wielki
2%
właśnie
2%
wolno
2%
wśród
2%
wszyscy
2%
zanim
2%
zaś
2%
zbyt
2%
znów
2%
zrobić
2%
bowiem
1%
były
1%
całkiem
1%
cicho
1%
coraz
1%
czegoś
1%
dokładnie
1%
dopiero
1%
dość
1%
drogi
1%
jedno
1%
jedynie
1%
którego
1%
miejsce
1%
mocno
1%
nadal
1%
najpierw
1%
natychmiast
1%
niczego
1%
nieco
1%
niemal
1%
pewien
1%
powiedzieć
1%
powoli
1%
przynajmniej
1%
rzeczywiście
1%
skoro
1%
spokojnie
1%
sposób
1%
stanie
1%
temat
1%
trudno
1%
wciąż
1%
widać
1%
widok
1%
wkrótce
1%
właściwie
1%
wobec
1%
wokół
1%
wówczas
1%
wrażenie
1%
wreszcie
1%
wzrok
1%
znowu
1%
zresztą
1%
zupełnie
1%
Nie znaleziono quizów pasujących do podanych kryteriów
Rozkład punktacji
Procent ludzi z każdym wynikiem
Percentyl według liczby udzielonych odpowiedzi
Twoja historia wyników
Nie rozwiązałeś tego quizu